000 00405nam a2200157Ia 4500
008 221030s9999 xx 000 0 und d
020 _a978813171107
041 _aEnglish
082 _a105.23
100 _aM. S. Singh
245 0 _aAdvanced Organic Chemistry - Reactions & Mechanism
_cby M. S. Singh
260 _bPearson Edcuation
_aDelhi
_c2008
300 _a513
650 _aChemistry
942 _cBK
999 _c8962
_d8962